[Event "Quebec-ch reserve"]
[Site "Montreal CAN"]
[Date "1987.06.01"]
[Round "6"]
[White "Roy, Alain"]
[Black "Lacroix, Serge"]
[Result "1-0"]
[WhiteElo "2096"]
[BlackElo "1838"]
[PlyCount "89"]
[EventDate "1987.05.27"]
[EventType "tourn"]
[EventRounds "8"]
[EventCountry "CAN"]

1. Nf3 Nf6 2. c4 g6 3. Nc3 d5 4. d4 Bg7 5. Bg5 Ne4 6. Bh4 Nxc3 7. bxc3 dxc4 8.
Qa4+ c6 9. Qxc4 O-O 10. e3 Be6 11. Qb4 Re8 12. Qxb7 Nd7 13. Be2 Qa5 14. Qb4
Qxb4 15. cxb4 a5 16. b5 c5 17. O-O cxd4 18. Nxd4 Bd5 19. Rac1 e5 20. Nc6 Bxa2
21. Ra1 Be6 22. Rxa5 Rxa5 23. Nxa5 Ra8 24. Nc6 Ra2 25. Re1 f6 26. Bf1 g5 27.
Bg3 Bf8 28. Rd1 h5 29. h4 g4 30. Rxd7 Ra1 31. Ra7 Rb1 32. Kh2 Bc5 33. Ra8+ Kg7
34. Bd3 Rb3 35. Be4 Bb6 36. Nd8 Bc4 37. Bc6 Rd3 38. Nb7 Rd2 39. Ra6 Bc7 40. Na5
Bf7 41. b6 Bb8 42. Ra8 Rd8 43. Be4 Be8 44. Nb7 Rc8 45. Bf5 1-0

[Event "Quebec-ch reserve"]
[Site "Montreal CAN"]
[Date "1987.06.02"]
[Round "7"]
[White "Lacroix, Serge"]
[Black "Ibrahim, Anthony"]
[Result "0-1"]
[WhiteElo "1838"]
[BlackElo "2166"]
[PlyCount "123"]
[EventDate "1987.05.27"]
[EventType "tourn"]
[EventRounds "8"]
[EventCountry "CAN"]

1. d4 d5 2. c4 e6 3. Nf3 Nf6 4. a3 Be7 5. Nc3 O-O 6. Bg5 h6 7. Bh4 b6 8. cxd5
exd5 9. e3 Bb7 10. Bd3 Nbd7 11. Rc1 c5 12. dxc5 bxc5 13. O-O Rc8 14. Qe2 Qb6
15. Rfd1 Rfe8 16. Bf5 Rcd8 17. Qb5 g6 18. Bxd7 Nxd7 19. Qxb6 Nxb6 20. Bxe7 Rxe7
21. Ne2 Rc8 22. Nf4 Kg7 23. b3 g5 24. Nh5+ Kg6 25. Ng3 Re6 26. b4 Nc4 27. bxc5
Rxc5 28. h4 Ra5 29. h5+ Kf6 30. Nd4 Rb6 31. Ngf5 Ke5 32. Rb1 Raa6 33. a4 Bc8
34. Ne7 Bg4 35. Rxb6 Rxb6 36. Ndc6+ Ke6 37. Rd4 f5 38. f3 Bxh5 39. e4 fxe4 40.
fxe4 Rb1+ 41. Kh2 Ne3 42. exd5+ Kd7 43. g4 Nxg4+ 44. Kg2 Rb2+ 45. Kg3 Rb3+ 46.
Kg2 Nf6 47. d6 Bf3+ 48. Kf2 Bxc6 49. Ng6 Nd5 50. Ne5+ Kxd6 51. Nf7+ Kc5 52. Re4
Rf3+ 53. Kxf3 Nf6 54. Nxh6 Bxe4+ 55. Ke3 Bg6 56. Kd2 Kb4 57. Kc1 Kxa4 58. Kb2
Kb4 59. Ka1 g4 60. Nxg4 Nxg4 61. Kb2 a5 62. Ka1 0-1

[Event "Quebec-ch reserve"]
[Site "Montreal CAN"]
[Date "1987.06.07"]
[Round "9"]
[White "Lacroix, Serge"]
[Black "Desforges, Jean"]
[Result "1-0"]
[WhiteElo "1838"]
[BlackElo "2045"]
[PlyCount "81"]
[EventDate "1987.05.27"]
[EventType "tourn"]
[EventRounds "8"]
[EventCountry "CAN"]

1. d4 d5 2. c4 e6 3. Nf3 Be7 4. Nc3 Nf6 5. cxd5 exd5 6. Bf4 O-O 7. e3 c6 8. Bd3
Re8 9. Qc2 Nbd7 10. g4 Nf8 11. h3 Bd6 12. Bxd6 Qxd6 13. Ne5 N6d7 14. Nxd7 Bxd7
15. O-O-O Rac8 16. Kb1 Be6 17. Qa4 Ra8 18. Qc2 b6 19. f4 Bc8 20. e4 Qxf4 21.
exd5 Bd7 22. Rhf1 Qd6 23. dxc6 Bxc6 24. d5 Bb7 25. Nb5 Qd7 26. Qc7 Red8 27. Bf5
Qxc7 28. Nxc7 Rab8 29. g5 g6 30. Bg4 Rd6 31. Rfe1 Rbd8 32. Bf3 a6 33. Ne8 Bxd5
34. Nf6+ Rxf6 35. gxf6 Bxf3 36. Rxd8 Bc6 37. Rd6 Bd7 38. Rxb6 Bxh3 39. Re8 Bd7
40. Rd8 a5 41. Rbb8 1-0

[Event "Lacroix #23"]
[Site "Montreal CAN"]
[Date "1987.04.04"]
[Round "2"]
[White "Clement, Michel"]
[Black "Lacroix, Serge"]
[Result "1-0"]
[WhiteElo "1851"]
[BlackElo "1930"]
[PlyCount "77"]
[EventDate "1987.04.04"]
[EventType "swiss"]
[EventRounds "4"]
[EventCountry "CAN"]

1. e4 e5 2. Nf3 Nc6 3. Bb5 a6 4. Ba4 Nf6 5. O-O b5 6. Bb3 Be7 7. Re1 d6 8. c3
Bg4 9. d3 O-O 10. Nbd2 Na5 11. Bc2 Re8 12. Nf1 h6 13. Ne3 Be6 14. d4 exd4 15.
cxd4 c5 16. d5 Bg4 17. Nxg4 Nxg4 18. h3 Ne5 19. Nxe5 dxe5 20. b3 Nb7 21. Bb2
Bf6 22. Qe2 Nd6 23. Rac1 Qb6 24. Bb1 Rac8 25. Rc3 c4 26. Rg3 Bg5 27. Qg4 cxb3
28. axb3 Qa5 29. Re2 Rc7 30. h4 Rec8 31. hxg5 Rc1+ 32. Kh2 Rxb1 33. gxh6 g6 34.
h7+ Kxh7 35. Bxe5 Kg8 36. Rh3 Kf8 37. Bxd6+ Kg7 38. Be5+ f6 39. Qd7+ 1-0

[Event "Lacroix #22"]
[Site "Montreal CAN"]
[Date "1987.03.29"]
[Round "3"]
[White "Clement, Michel"]
[Black "Lacroix, Serge"]
[Result "1-0"]
[WhiteElo "1849"]
[BlackElo "1930"]
[PlyCount "119"]
[EventDate "1987.03.28"]
[EventType "swiss"]
[EventRounds "4"]
[EventCountry "CAN"]

1. e4 e5 2. Nf3 Nc6 3. Bb5 a6 4. Ba4 Nf6 5. O-O b5 6. Bb3 Be7 7. Re1 d6 8. c3
Bg4 9. d3 O-O 10. Nbd2 Na5 11. Bc2 c5 12. Nf1 h6 13. h3 Bh5 14. Ng3 Bg6 15. Nh4
Bh7 16. Nhf5 Re8 17. Nxe7+ Rxe7 18. Qf3 Rb7 19. Nf5 Bxf5 20. exf5 Qc7 21. Re2
b4 22. g4 Rab8 23. h4 b3 24. axb3 Nxb3 25. Bxb3 Rxb3 26. Rxa6 R3b6 27. Rxb6
Qxb6 28. g5 hxg5 29. hxg5 Qb3 30. Re1 Qd5 31. Qe2 Nd7 32. f3 Nb6 33. Qe4 Ra8
34. f4 Qxe4 35. dxe4 f6 36. fxe5 fxe5 37. g6 Ra2 38. Kf2 Na4 39. Kf3 Ra1 40.
Ke2 Ra2 41. Kd3 Nxb2+ 42. Bxb2 Rxb2 43. Kc4 Kf8 44. Ra1 Ke7 45. Ra7+ Kf6 46.
Rf7+ Kg5 47. Rxg7 Re2 48. Kd3 Rg2 49. Rd7 Rg3+ 50. Kc4 Kf4 51. Rxd6 Kxe4 52. f6
Rxg6 53. f7 Rxd6 54. f8=Q Rg6 55. Qf2 Rg4 56. Kxc5 Rf4 57. Qe2+ Kf5 58. Kd5 e4
59. Qh5+ Kf6 60. Qe5+ 1-0

[Event "Lacroix #19"]
[Site "Montreal CAN"]
[Date "1987.02.15"]
[Round "3"]
[White "Morin, Louis"]
[Black "Lacroix, Serge"]
[Result "1-0"]
[WhiteElo "1850"]
[BlackElo "2027"]
[PlyCount "93"]
[EventDate "1987.02.14"]
[EventType "swiss"]
[EventRounds "4"]
[EventCountry "CAN"]

1. e4 e5 2. Nf3 Nc6 3. Nc3 Bc5 4. Nxe5 Bxf2+ 5. Kxf2 Nxe5 6. d4 Ng6 7. Bc4 d6
8. Rf1 Nf6 9. Kg1 Be6 10. Bb3 Bxb3 11. axb3 h6 12. Qf3 c6 13. Bd2 Qe7 14. Rae1
O-O-O 15. h4 Qe6 16. h5 Nf8 17. e5 dxe5 18. dxe5 Ng4 19. Bf4 Nd7 20. Qh3 Rhe8
21. Re2 Ngxe5 22. Qxe6 Rxe6 23. Bxe5 f6 24. Bg3 Rxe2 25. Nxe2 Re8 26. Kf2 Nc5
27. Nc3 Ne4+ 28. Nxe4 Rxe4 29. Re1 Rd4 30. Kf3 Kd7 31. Bf2 Rd5 32. g4 f5 33.
Re3 fxg4+ 34. Kxg4 Rg5+ 35. Kh4 Rg2 36. Re2 Rh2+ 37. Kg4 Rg2+ 38. Kh3 Rg5 39.
Kh4 Rg2 40. Kh3 Rg5 41. Rd2+ Ke6 42. Kh4 Kf5 43. Bxa7 Rg4+ 44. Kh3 Rg5 45. Kh4
Rg4+ 46. Kh3 Rg5 47. Rf2+ 1-0

[Event "Bonne annee"]
[Site "Charny CAN"]
[Date "1987.01.05"]
[Round "5"]
[White "Lacroix, Serge"]
[Black "Saint Amand, Paul"]
[Result "1/2-1/2"]
[WhiteElo "1837"]
[BlackElo "2073"]
[PlyCount "61"]
[EventDate "1987.01.09"]
[EventType "swiss"]
[EventRounds "5"]
[EventCountry "CAN"]

1. e4 c5 2. Nf3 d6 3. d4 cxd4 4. Nxd4 Nf6 5. Nc3 a6 6. Bg5 e6 7. f4 Be7 8. Qf3
Qc7 9. O-O-O Nbd7 10. g4 O-O 11. Bxf6 Bxf6 12. g5 Bxd4 13. Rxd4 b5 14. Be2 Bb7
15. Rhd1 Nc5 16. a3 Rfd8 17. h4 Rab8 18. Qe3 Bc6 19. Qd2 a5 20. Rxd6 Rdc8 21.
b4 axb4 22. axb4 Nxe4 23. Nxe4 Bxe4 24. c3 Bd5 25. Ra6 Bb3 26. Rf1 Rd8 27. Qe3
Bc4 28. Ra7 Qc8 29. Rd1 Bxe2 30. Rxd8+ Qxd8 31. Qxe2 1/2-1/2

[Event "Pere Noel"]
[Site "Montreal CAN"]
[Date "1986.12.27"]
[Round "2"]
[White "Lacroix, Serge"]
[Black "Clement, Michel"]
[Result "1-0"]
[WhiteElo "2028"]
[BlackElo "1845"]
[PlyCount "53"]
[EventDate "1986.12.26"]
[EventType "swiss"]
[EventRounds "5"]
[EventCountry "CAN"]

1. d4 f5 2. c4 Nf6 3. g3 e6 4. Bg2 Bb4+ 5. Bd2 Bxd2+ 6. Nxd2 O-O 7. Ngf3 d6 8.
Qc2 Nc6 9. a3 e5 10. d5 Ne7 11. O-O Ng6 12. Ng5 Ng4 13. Ngf3 e4 14. Nd4 e3 15.
f3 Nf2 16. f4 h5 17. N2f3 Qf6 18. Qc3 Re8 19. Ng5 Nf8 20. Rac1 Bd7 21. b4 Kh8
22. Bf3 g6 23. c5 Re7 24. Nde6 Qxc3 25. Rxc3 Ne4 26. Bxe4 Nxe6 27. dxe6 1-0

[Event "Mauricie op"]
[Site "Trois-Rivieres CAN"]
[Date "1986.09.27"]
[Round "2"]
[White "Girdard, Robin"]
[Black "Lacroix, Serge"]
[Result "1-0"]
[WhiteElo "2167"]
[BlackElo "1977"]
[PlyCount "49"]
[EventDate "1986.09.27"]
[EventType "swiss"]
[EventRounds "4"]
[EventCountry "CAN"]

1. e4 e5 2. Nf3 Nf6 3. Nxe5 d6 4. Nf3 Nxe4 5. d4 d5 6. Bd3 Nc6 7. O-O Be7 8. c4
Nf6 9. h3 Nb4 10. Be2 Bf5 11. a3 Nc2 12. Nh4 Be4 13. f3 Nxa1 14. fxe4 Nxe4 15.
Nf5 Bf6 16. Nc3 g6 17. Ne3 Ng3 18. Rxf6 Qxf6 19. Nexd5 Qd8 20. Bf4 Nxe2+ 21.
Qxe2+ Kd7 22. Bxc7 Qg5 23. Bf4 Qd8 24. Qe5 Rc8 25. Qd6+ 1-0

[Event "Quebec op"]
[Site "Montreal CAN"]
[Date "1986.08.04"]
[Round "2"]
[White "Lacroix, Serge"]
[Black "Bolduc, Steve"]
[Result "0-1"]
[WhiteElo "1977"]
[BlackElo "2322"]
[PlyCount "140"]
[EventDate "1986.08.03"]
[EventType "swiss"]
[EventRounds "8"]
[EventCountry "CAN"]

1. d4 Nf6 2. c4 d6 3. Nc3 Nbd7 4. e4 e5 5. d5 a5 6. Nf3 Be7 7. Be2 c6 8. Be3
O-O 9. O-O Ng4 10. Bd2 f5 11. exf5 Rxf5 12. h3 Nh6 13. Ne4 Nf8 14. dxc6 bxc6
15. c5 d5 16. Ng3 Ng6 17. Bxh6 gxh6 18. Rc1 Rf7 19. Re1 Be6 20. Bd3 e4 21. Nd4
Qd7 22. Nxe6 Qxe6 23. Be2 Rb8 24. Bg4 Qf6 25. Nf5 Ne5 26. Nxe7+ Rxe7 27. Rc2
Nd3 28. Re3 Rxb2 29. Rg3 Kf8 30. Rxb2 Qxb2 31. f3 Qd4+ 32. Kh2 Qe5 33. fxe4
dxe4 34. Qb3 h5 35. Bxh5 Rg7 36. Bg4 h5 37. Qb6 hxg4 38. Qd8+ Kf7 39. Qd7+ Kg8
40. Qd8+ Kf7 41. Qd7+ Qe7 42. Qxc6 Rg5 43. hxg4 Rxc5 44. Qh6 Rg5 45. Qh7+ Ke8
46. Qh8+ Kd7 47. Qd4+ Kc6 48. Qa4+ Kb6 49. Qd4+ Kc6 50. Qc4+ Rc5 51. Qa6+ Kd5
52. g5 Kd4 53. Qh6 Nf4 54. Qh8+ Qe5 55. Qd8+ Nd5 56. Qd7 Rc3 57. Qa4+ Nb4 58.
Qd1+ Kc5 59. Qg1+ Kc4 60. Qf1+ Rd3 61. Qc1+ Kd5 62. Qe1 Rxg3 63. Qxg3 Qxg3+ 64.
Kxg3 Kd4 65. g6 Nd5 66. g7 Ne7 67. Kf2 Kd3 68. Ke1 Ke3 69. a4 Ng8 70. g4 Ne7
0-1

[Event "Quebec op"]
[Site "Montreal CAN"]
[Date "1986.08.10"]
[Round "8"]
[White "Beaudry, Marc-Andre"]
[Black "Lacroix, Serge"]
[Result "0-1"]
[WhiteElo "2023"]
[BlackElo "1932"]
[PlyCount "98"]
[EventDate "1986.08.03"]
[EventType "swiss"]
[EventRounds "8"]
[EventCountry "CAN"]

1. c4 Nf6 2. Nc3 e6 3. e4 d5 4. e5 Nfd7 5. cxd5 Nxe5 6. d4 Ng6 7. dxe6 Bxe6 8.
d5 Bd7 9. Nf3 Bd6 10. Be2 O-O 11. O-O Re8 12. Be3 Na6 13. Rc1 Nf4 14. Bb5 Bxb5
15. Nxb5 Nxd5 16. Bg5 Qd7 17. Nxd6 Qxd6 18. Rc4 c6 19. Rh4 Nc5 20. Qc2 h6 21.
Bc1 Ne6 22. Qf5 Ne7 23. Qg4 Ng6 24. Rh5 Nef4 25. Rf5 Ne2+ 26. Kh1 Nxc1 27. Rxc1
Rad8 28. h4 Ne5 29. Nxe5 Rxe5 30. Rxe5 Qxe5 31. Rc2 Rd4 32. Qg3 Qe4 33. Rc1
Qxh4+ 34. Qxh4 Rxh4+ 35. Kg1 Rd4 36. Rc2 Rd1+ 37. Kh2 f5 38. Kg3 Kf7 39. Kf3 g5
40. Ke2 Rd5 41. Rc3 Ra5 42. a3 Rb5 43. b4 Kf6 44. Rh3 Re5+ 45. Kd2 Kg6 46. Rb3
b6 47. Rc3 Rd5+ 48. Ke2 c5 49. Rb3 c4 0-1

[Event "Lacroix #12"]
[Site "Montreal CAN"]
[Date "1986.07.12"]
[Round "2"]
[White "Lacroix, Serge"]
[Black "Clement, Michel"]
[Result "1/2-1/2"]
[WhiteElo "1922"]
[BlackElo "1769"]
[PlyCount "132"]
[EventDate "1986.07.12"]
[EventType "swiss"]
[EventRounds "4"]
[EventCountry "CAN"]

1. d4 f5 2. g3 Nf6 3. Bg2 e6 4. c4 Bb4+ 5. Bd2 Bxd2+ 6. Nxd2 O-O 7. Ngf3 d6 8.
O-O Nbd7 9. Qc2 Qe7 10. Rfe1 Re8 11. e4 fxe4 12. Nxe4 e5 13. dxe5 Nxe5 14. Nxe5
dxe5 15. Ng5 c6 16. c5 Rb8 17. Rad1 h6 18. Ne4 Bf5 19. Qb3+ Be6 20. Qa3 Nxe4
21. Bxe4 Qf7 22. Rd6 Rf8 23. Qe3 Bxa2 24. Bg6 Qf3 25. Qxf3 Rxf3 26. Rxe5 Rbf8
27. Re7 Rxf2 28. Rdd7 Rf1+ 29. Kg2 Bd5+ 30. Kh3 Bf7 31. Rxb7 a5 32. Be4 Rf6 33.
Rbc7 Rb8 34. Bxc6 Rxb2 35. Be4 Rb8 36. Ra7 Kf8 37. c6 Rc8 38. Reb7 Be6+ 39. g4
Rf4 40. Bf5 Bxf5 41. Rf7+ Ke8 42. gxf5 Rxc6 43. Rxg7 Kf8 44. Rgb7 Rc3+ 45. Kg2
Rg4+ 46. Kf2 Rf4+ 47. Ke2 Rc8 48. Rf7+ Kg8 49. f6 Rg4 50. Kf3 Rcc4 51. Rfd7
Rcf4+ 52. Ke3 Rxf6 53. Rxa5 Rgf4 54. Rb5 Ra4 55. h4 Kh8 56. Re5 Kg8 57. Re8+
Rf8 58. Ree7 Rf6 59. h5 Ra5 60. Rg7+ Kh8 61. Rh7+ Kg8 62. Rdg7+ Kf8 63. Rg6
Rxg6 64. hxg6 Rg5 65. Rxh6 Kg7 66. Rh7+ Kxg6 1/2-1/2

[Event "Abitibi-Temiscamingue op"]
[Site "Rouyn-Noranda CAN"]
[Date "1986.05.23"]
[Round "1"]
[White "Gagnon, Fabien"]
[Black "Lacroix, Serge"]
[Result "0-1"]
[WhiteElo "1900"]
[BlackElo "1730"]
[PlyCount "79"]
[EventDate "1986.05.23"]
[EventType "swiss"]
[EventRounds "5"]
[EventCountry "CAN"]

1. e4 e5 2. Nf3 Nf6 3. Nxe5 d6 4. Nf3 Nxe4 5. d4 d5 6. Bd3 Nc6 7. O-O Be7 8.
Re1 Bg4 9. c3 Nf6 10. Nbd2 O-O 11. h3 Bh5 12. Qc2 Re8 13. Ne5 Bg6 14. Nxg6 hxg6
15. Nf3 Bd6 16. Bd2 Qd7 17. a3 Rxe1+ 18. Rxe1 Re8 19. Be3 Nd8 20. c4 c6 21.
cxd5 Nxd5 22. Ng5 Bf4 23. Ne4 Qc7 24. Qd2 Bxe3 25. fxe3 f5 26. Nc3 Nf6 27. Bc4+
Kf8 28. Qf2 Nf7 29. Qh4 Nh5 30. e4 Qg3 31. Qxg3 Nxg3 32. e5 Ng5 33. e6 N3e4 34.
Nxe4 Nxe4 35. g4 Nd2 36. e7+ Rxe7 37. Rxe7 Kxe7 38. Be2 Nb3 39. Kf2 Nxd4 40.
Ke3 0-1

[Event "Carnaval"]
[Site "Quebec CAN"]
[Date "1986.02.16"]
[Round "5"]
[White "Lacroix, Serge"]
[Black "Gagnon, Fabien"]
[Result "1-0"]
[WhiteElo "1900"]
[BlackElo "1728"]
[PlyCount "95"]
[EventDate "1986.02.14"]
[EventType "swiss"]
[EventRounds "5"]
[EventCountry "CAN"]

1. d4 Nf6 2. c4 e5 3. dxe5 Ng4 4. Nf3 Nc6 5. Bf4 Bb4+ 6. Nc3 Qe7 7. Qd5 b6 8.
h3 Nh6 9. Bg5 Bxc3+ 10. bxc3 Qa3 11. Qd2 Ba6 12. e4 Na5 13. Rd1 O-O 14. Bxh6
gxh6 15. Qxh6 Qxc3+ 16. Qd2 Qxd2+ 17. Rxd2 Rad8 18. Rc2 f6 19. Bd3 fxe5 20.
Nxe5 d6 21. Ng4 Nb7 22. f3 Nc5 23. Kd2 d5 24. exd5 Nxd3 25. Kxd3 Rxd5+ 26. Kc3
Rc5 27. Kb3 Rf4 28. Rhc1 h5 29. Nf2 Rd4 30. Ne4 Rf5 31. Re1 Bb7 32. Nc3 Rd3 33.
Re7 Rc5 34. Rce2 Ba6 35. R2e4 b5 36. Kb4 Rxc4+ 37. Rxc4 bxc4 38. Rxc7 Rd6 39.
Rxa7 Bc8 40. Ne4 Rb6+ 41. Kxc4 Ba6+ 42. Kc5 Rg6 43. h4 Be2 44. Ng5 Bf1 45. g3
Bg2 46. Kd4 Rf6 47. Ke5 Rb6 48. Kf5 1-0

[Event "Mauricie op (1985)"]
[Site "Shawinigan CAN"]
[Date "1985.11.09"]
[Round "1"]
[White "Deschesnes, Jean"]
[Black "Lacroix, Serge"]
[Result "1/2-1/2"]
[WhiteElo "1635"]
[BlackElo "1943"]
[PlyCount "87"]
[EventDate "1985.11.09"]
[EventType "swiss"]
[EventRounds "4"]
[EventCountry "CAN"]

1. Nf3 Nf6 2. c4 e6 3. d4 d5 4. Nc3 c5 5. e3 Nc6 6. Be2 a6 7. O-O dxc4 8. Bxc4
b5 9. Bd3 c4 10. Bc2 Bb7 11. Re1 Nb4 12. Bb1 Be7 13. a3 Nbd5 14. e4 Nxc3 15.
bxc3 O-O 16. Qc2 g6 17. Bh6 Re8 18. Qe2 Bf8 19. Bxf8 Rxf8 20. Ne5 Nd7 21. Nxd7
Qxd7 22. e5 Rfd8 23. Be4 Qc7 24. Bxb7 Qxb7 25. Red1 Rd5 26. g3 Qe7 27. Ra2 Rad8
28. Raa1 a5 29. a4 Qd7 30. axb5 Qxb5 31. Rdb1 Qc6 32. Qe4 R8d7 33. Rxa5 Qc7 34.
Ra8+ Rd8 35. Rba1 h5 36. R1a7 Qb6 37. Rxd8+ Rxd8 38. Ra8 Rxa8 39. Qxa8+ Kg7 40.
Qa2 Qb3 41. Qd2 Kg8 42. h4 Qb1+ 43. Kh2 Qd3 44. Qe3 1/2-1/2

[Event "Mauricie op (1985)"]
[Site "Shawinigan CAN"]
[Date "1985.11.10"]
[Round "3"]
[White "Lacroix, Serge"]
[Black "Chabot, Roland"]
[Result "0-1"]
[WhiteElo "1943"]
[BlackElo "1946"]
[PlyCount "74"]
[EventDate "1985.11.09"]
[EventType "swiss"]
[EventRounds "4"]
[EventCountry "CAN"]

1. d4 f5 2. c4 Nf6 3. g3 e6 4. Bg2 Be7 5. Nc3 O-O 6. Nf3 d6 7. O-O Ne4 8. Qc2
Nxc3 9. Qxc3 Bf6 10. Qc2 e5 11. dxe5 dxe5 12. e4 fxe4 13. Qxe4 Nc6 14. Be3 Qe7
15. a3 a5 16. h4 h6 17. Qd5+ Be6 18. Qb5 Rfb8 19. Rfd1 a4 20. c5 Qf7 21. Rac1
Na5 22. Nd2 c6 23. Qe2 Nb3 24. Nxb3 Bxb3 25. Rd6 Be7 26. Rd7 Qe6 27. Rd2 Rd8
28. Rxd8+ Rxd8 29. Qh5 e4 30. Kh2 Bf8 31. Bh3 Qf6 32. Bf5 Rd5 33. g4 Bd1 34.
Kh3 Bf3 35. Qe8 Rxf5 36. gxf5 Qxf5+ 37. Kh2 Qg4 0-1

[Event "Montreal op"]
[Site "Montreal CAN"]
[Date "1985.08.31"]
[Round "2"]
[White "Taylor, Gordon"]
[Black "Lacroix, Serge"]
[Result "0-1"]
[WhiteElo "2302"]
[BlackElo "1938"]
[PlyCount "96"]
[EventDate "1985.08.31"]
[EventType "swiss"]
[EventRounds "6"]
[EventCountry "CAN"]

1. d4 Nf6 2. c4 e6 3. g3 d5 4. Bg2 c5 5. cxd5 exd5 6. Nf3 Nc6 7. O-O Be6 8. Nc3
Be7 9. dxc5 Bxc5 10. Na4 Be7 11. Be3 b6 12. Rc1 Rc8 13. Nd4 Nxd4 14. Qxd4 O-O
15. Rxc8 Qxc8 16. Rc1 Qd7 17. Rd1 Ng4 18. b3 Bf6 19. Qd2 Nxe3 20. Qxe3 Rc8 21.
Qd2 Qb5 22. Kf1 d4 23. Nb2 h6 24. Nd3 Bf5 25. Rc1 Rc3 26. Rxc3 dxc3 27. Qc2
Bxd3 28. exd3 Qh5 29. Qe2 Qb5 30. Qc2 g6 31. Bf3 Kg7 32. Kg2 h5 33. h4 Bd4 34.
Bd1 Qc6+ 35. Bf3 Qc5 36. Bd1 Qa3 37. Kf3 Qb2 38. a4 Kf6 39. Kg2 Ke5 40. Kf1 Kd5
41. Qe2 f5 42. Bc2 Qc1+ 43. Kg2 Qd2 44. Qxd2 cxd2 45. Kf3 Kc5 46. Ke2 Kb4 47.
f3 Kc3 48. Bd1 a5 0-1

[Event "Montreal op"]
[Site "Montreal CAN"]
[Date "1985.09.02"]
[Round "5"]
[White "Bolduc, Steve"]
[Black "Lacroix, Serge"]
[Result "1-0"]
[WhiteElo "2151"]
[BlackElo "1938"]
[PlyCount "97"]
[EventDate "1985.08.31"]
[EventType "swiss"]
[EventRounds "6"]
[EventCountry "CAN"]

1. d4 Nf6 2. c4 e6 3. Nf3 d5 4. Nc3 c5 5. cxd5 exd5 6. g3 Nc6 7. Bg2 Be6 8. O-O
Be7 9. Bg5 O-O 10. dxc5 Bxc5 11. Na4 Be7 12. Nd4 Nxd4 13. Qxd4 b6 14. Rac1 Rc8
15. Rxc8 Qxc8 16. Rc1 Qd7 17. b3 Rc8 18. Qd3 Rxc1+ 19. Bxc1 Qc8 20. Bb2 Bf5 21.
Qd2 h6 22. Nc3 Bb4 23. a3 Bxc3 24. Qxc3 Qxc3 25. Bxc3 Ne4 26. Bd4 Be6 27. b4
Nd2 28. e3 f6 29. f4 Kf7 30. Kf2 Ke7 31. Ke2 Nc4 32. a4 Kd6 33. Kd3 a6 34. Kc3
Kc7 35. Bf1 b5 36. axb5 axb5 37. Bc5 g5 38. Kd4 Kc6 39. Be2 gxf4 40. exf4 Bf7
41. g4 Nd2 42. Bf8 h5 43. gxh5 Ne4 44. h6 Bg6 45. Bh5 Bh7 46. Bf7 f5 47. Bxd5+
Kb6 48. Ke5 Nc3 49. Be6 1-0

[Event "Quebec-ch reserve"]
[Site "Montreal CAN"]
[Date "1985.06.17"]
[Round "1"]
[White "Lacroix, Serge"]
[Black "Delisle, Claude"]
[Result "1-0"]
[WhiteElo "1923"]
[BlackElo "2039"]
[PlyCount "61"]
[EventDate "1985.06.17"]
[EventType "tourn"]
[EventRounds "9"]
[EventCountry "CAN"]

1. d4 Nf6 2. c4 g6 3. Nc3 Bg7 4. e4 d6 5. Nf3 O-O 6. Be2 e5 7. d5 Nbd7 8. Be3
Ng4 9. Bg5 f6 10. Bh4 a5 11. O-O Nc5 12. Ne1 h5 13. Bxg4 hxg4 14. Nd3 b6 15. f3
gxf3 16. Qxf3 Bd7 17. Nxc5 bxc5 18. a4 Qe7 19. Nb5 Rac8 20. Qc3 c6 21. Na7 Ra8
22. Nxc6 Bxc6 23. dxc6 Qc7 24. Rad1 Qxc6 25. Rd5 Rab8 26. b3 Rb4 27. Qh3 Kf7
28. Be1 Rbb8 29. Qd3 Qb6 30. Rxd6 Qxb3 31. Qd5+ 1-0

[Event "Quebec-ch reserve"]
[Site "Montreal CAN"]
[Date "1985.06.18"]
[Round "2"]
[White "Beauchamp, Jean-Pierre"]
[Black "Lacroix, Serge"]
[Result "1-0"]
[WhiteElo "2070"]
[BlackElo "1923"]
[PlyCount "125"]
[EventDate "1985.06.17"]
[EventType "tourn"]
[EventRounds "9"]
[EventCountry "CAN"]

1. e4 e5 2. Nf3 Nf6 3. Nxe5 d6 4. Nf3 Nxe4 5. d4 d5 6. Bd3 Be7 7. O-O Nc6 8.
Re1 Bg4 9. c3 Nf6 10. Bg5 O-O 11. Nbd2 Re8 12. Qc2 h6 13. Bh4 Nd7 14. Bg3 Nf8
15. Re3 Ne6 16. Rae1 Bd6 17. Ne5 Bxe5 18. Bxe5 Nf8 19. Bf4 Rxe3 20. Rxe3 Qd7
21. h3 Bh5 22. Bf5 Qd8 23. Rg3 Bg6 24. Re3 Qf6 25. Bxg6 Nxg6 26. Bg3 Rc8 27.
Qb3 Nge7 28. Nf3 Nf5 29. Be5 Nxe5 30. Rxe5 Nd6 31. Qxd5 Qf4 32. Re3 c6 33. Qe5
Qxe5 34. Rxe5 f6 35. Re6 Rd8 36. Re7 Kf8 37. Re2 Re8 38. Kf1 Nc4 39. b3 Na3 40.
Rxe8+ Kxe8 41. Ke2 Ke7 42. Kd3 Nb5 43. Nd2 Ke6 44. c4 Nc7 45. Ne4 b6 46. Nc3
Kd6 47. h4 g5 48. g3 f5 49. hxg5 hxg5 50. g4 Ke6 51. f3 Ne8 52. d5+ cxd5 53.
gxf5+ Kxf5 54. Nxd5 Ke5 55. Nc3 Ng7 56. Ne2 Nf5 57. b4 Nh4 58. Nd4 Kf4 59. c5
bxc5 60. bxc5 Ke5 61. c6 Ng6 62. c7 Ne7 63. Nc6+ 1-0

[Event "Quebec-ch reserve"]
[Site "Montreal CAN"]
[Date "1985.06.19"]
[Round "3"]
[White "Lacroix, Serge"]
[Black "Vallieres, Mario"]
[Result "0-1"]
[WhiteElo "1923"]
[BlackElo "2008"]
[PlyCount "82"]
[EventDate "1985.06.17"]
[EventType "tourn"]
[EventRounds "9"]
[EventCountry "CAN"]

1. d4 f5 2. g3 Nf6 3. Bg2 e6 4. c4 Be7 5. Nc3 O-O 6. Nf3 a5 7. d5 Na6 8. dxe6
dxe6 9. Bf4 Nc5 10. Qc2 c6 11. O-O Bd7 12. Rad1 Qb6 13. Ne5 Rad8 14. e4 Bc8 15.
Be3 Qc7 16. Bf4 Nh5 17. Rxd8 Rxd8 18. Re1 Nxf4 19. gxf4 Bd6 20. exf5 exf5 21.
Na4 Nxa4 22. Qxa4 Bb4 23. Rd1 Be6 24. Bf1 g5 25. Nd3 Be7 26. fxg5 Bxg5 27. Re1
Bf7 28. Ne5 Rd4 29. Nxf7 Kxf7 30. Qb3 Qd6 31. Qxb7+ Kg6 32. Qc8 Bf6 33. Qg8+
Kh6 34. Qc8 Rg4+ 35. Bg2 Rh4 36. Qxf5 Qxh2+ 37. Kf1 Rf4 38. Qd3 Qh4 39. Re2 Rd4
40. Qe3+ Bg5 41. Qxd4 Qxd4 0-1

[Event "Quebec-ch reserve"]
[Site "Montreal CAN"]
[Date "1985.06.21"]
[Round "4"]
[White "Gagnon, Michel"]
[Black "Lacroix, Serge"]
[Result "0-1"]
[WhiteElo "2020"]
[BlackElo "1923"]
[PlyCount "80"]
[EventDate "1985.06.17"]
[EventType "tourn"]
[EventRounds "9"]
[EventCountry "CAN"]

1. e4 e5 2. Nf3 Nf6 3. Nc3 Nc6 4. Bc4 Bc5 5. d3 d6 6. O-O Bg4 7. Be3 Nd4 8. Re1
Bxf3 9. gxf3 Qd7 10. Kg2 O-O-O 11. h3 g5 12. Ne2 Nh5 13. Nxd4 Bxd4 14. c3 Bb6
15. Rh1 Rhg8 16. Qb3 Rdf8 17. Rag1 Qe7 18. Kf1 Rg6 19. Ke2 Kb8 20. a4 f5 21. a5
Bxe3 22. fxe3 fxe4 23. Bd5 exd3+ 24. Kd2 c5 25. c4 Nf6 26. Qxd3 Qc7 27. Ra1 a6
28. Rhg1 Nxd5 29. Qxd5 Rgf6 30. Rg3 h5 31. h4 gxh4 32. Rh3 Qg7 33. Rxh4 Qg2+
34. Kc3 Qf2 35. Re4 Ka7 36. f4 Rg6 37. Kb3 Rg2 38. Ra2 Qe1 39. Ra4 Rd2 40. Qe6
Qb1 0-1

[Event "Quebec-ch reserve"]
[Site "Montreal CAN"]
[Date "1985.06.22"]
[Round "5"]
[White "Lacroix, Serge"]
[Black "Bolduc, Steve"]
[Result "0-1"]
[WhiteElo "1923"]
[BlackElo "2042"]
[PlyCount "66"]
[EventDate "1985.06.17"]
[EventType "tourn"]
[EventRounds "9"]
[EventCountry "CAN"]

1. d4 c6 2. c4 d5 3. Nc3 Nf6 4. Nf3 e6 5. Bg5 dxc4 6. e3 b5 7. Ne5 Be7 8. Qf3
Qb6 9. Ne4 Nbd7 10. Bxf6 gxf6 11. Nxd7 Qa5+ 12. Kd1 Bxd7 13. Nxf6+ Bxf6 14.
Qxf6 Rg8 15. Be2 Qb4 16. Kc2 Qe7 17. Qxe7+ Kxe7 18. Bf3 Rac8 19. Kc3 c5 20.
Rhd1 cxd4+ 21. Rxd4 a5 22. a3 Rc7 23. Rh4 Rg7 24. Rd1 e5 25. Rh6 Rg6 26. Rxh7
b4+ 27. axb4 axb4+ 28. Kd2 c3+ 29. bxc3 bxc3+ 30. Kc1 Ra6 31. Rxd7+ Rxd7 32.
Kb1 Rd2 33. Rh5 Rb2+ 0-1